000 00368nam a22001337a 4500
008 230704b xxu||||| |||| 00| 0 eng d
082 _a341.24
_bEAC
110 _bEast African Community
245 _aProceedings of the East African Legislative (EALA)
_bOfficial report (HANSARD)
_cVolume 3
260 _bEAC
_c2003
300 _a53p
440 _v3
_p1
942 _2ddc
_cBK
999 _c3841
_d3841